00718nam a2200181 a 450000100100000000500170001000800410002704000250006810000270009324500630012024600630018326000360024630000330028250000690031550400300038495201050041499900170051900003858920201002031315.0130416s2004 dr 000 0 spa d aDO-SdBNPbspacBNPHU1 aLeocadio, J. P.96492910aTurismo teoria y práctica referente empírico Rep. Dom.14aTurismo teoria y práctica referente empírico Rep. Dom. aSanto Domingo :b[s.n.],c2004. a64, [53] p. :bil. ;c29 cm. aIncluye referencias biográficas del autor en la contracubierta aBibliografía : p. 49-51 0010718PDaPDbPDcCTd2013-04-16iLF1l0o p38589-10r2020-06-25w2020-06-25yLFPDZNo se presta c38079d38079